000 00895nam a2200265 a 4500
001 000042740
003 DO-SdBNP
005 20240412074301.0
007 ta
008 140206s2013 dr 000 j spa d
020 _a9789945867022
040 _aDO-SdBNP
_bspa
_cBNPHU
082 4 _aRD863.44
_bT225c
_222
100 1 _aTaulé Paiewonsky, Ginny
_970056
245 1 0 _aCon los ojos abiertos :
_bcuentos, vivencias y reflexiones /
_cGinny Taulé Paiewonsky ; prólogo Beatríz Bienzobas.
260 _aSanto Domingo :
_bOmnimedia,
_c2013.
300 _a163 p. ;
_c23 cm.
500 _aIncluye datos biográficos de la autora en la solapa de la cubierta
590 _aInventariado, 2020/VM
650 1 0 _aCuentos dominicanos
_9176
650 1 0 _aLiteratura dominicana.
_967
700 1 2 _aBienzobas, Beatríz,
_epról.
_970057
910 _aValidado. Control de calidad MFF
942 _2ddc
_cLBS1
999 _c42229
_d42229